[Event "Taça Nacional das Associações 2017"]
[Site "Almeirim POR"]
[Date "2017.10.15"]
[Round "3.2.1"]
[White "Santos, José Alves"]
[Black "Dias, Ricardo"]
[Result "0-1"]
[WhiteElo "2157"]
[BlackElo "2153"]
[WhiteFideId "1900366"]
[BlackFideId "1930060"]
[WhiteTeam "AX Portugal/Atlantiadonal"]
[BlackTeam "AEJ S. Joao da Madeira"]
[WhiteTitle "NM"]
[PlyCount "98"]

1. e4 e5 2. Nf3 Nc6 3. Bb5 a6 4. Bxc6 dxc6 5. d4 exd4 6. Qxd4 Qxd4 7. Nxd4 Bd7
8. Be3 O-O-O 9. Nc3 g6 10. O-O-O Bg7 11. Nde2 b6 12. h4 Nf6 13. f3 h5 14. Nf4
Rhe8 15. Nd3 Nd5 16. Bd2 Nxc3 17. Bxc3 Bxc3 18. bxc3 Be6 19. a3 Bc4 20. Nb2 Ba2
21. Rxd8+ Rxd8 22. Rd1 Rg8 23. f4 Re8 24. e5 Be6 25. g3 c5 26. Nd3 Kb7 27. Nf2
Bf5 28. Kb2 Kc6 29. c4 b5 30. Rd2 Ra8 31. Nd1 Be6 32. Ne3 Rb8 33. Rf2 bxc4+ 34.
Kc3 Rb1 35. Nxc4 Ra1 36. Rf3 Kb5 37. Kb2 Re1 38. Nd2 c4 39. Kc3 Kc5 40. Kb2 Re2
41. Kc1 Bd5 42. Rf1 c3 43. Nb1 Be4 44. Kd1 Rxc2 45. Re1 Bf5 46. e6 fxe6 47. Re5+
Kd4 48. Rxf5 Rb2 49. Rf7 c2+ 0-1

[Event "Taça Nacional das Associações 2017"]
[Site "Almeirim POR"]
[Date "2017.10.15"]
[Round "3.2.2"]
[White "Silva, Stéphane"]
[Black "Reis, Luís Sousa"]
[Result "1/2-1/2"]
[WhiteElo "2047"]
[BlackElo "2172"]
[WhiteFideId "1900846"]
[BlackFideId "1900609"]
[WhiteTeam "AEJ S. Joao da Madeira"]
[BlackTeam "AX Portugal/Atlantiadonal"]
[WhiteTitle "NM"]
[BlackTitle "NM"]
[PlyCount "62"]
[EventDate "2017.??.??"]

1. e4 b6 2. f4 Bb7 3. Nc3 e6 4. Nf3 Bb4 5. Qe2 Nf6 6. e5 Nd5 7. Nxd5 Bxd5 8. g3
O-O 9. Bg2 Be7 10. O-O c5 11. b3 d6 12. Bb2 Nd7 13. exd6 Bxd6 14. Kh1 Qc7 15. d3
Rae8 16. Rae1 Re7 17. Ne5 Bxg2+ 18. Qxg2 Bxe5 19. Bxe5 Nxe5 20. Rxe5 f6 21. Re4
Qc6 22. a4 Rfe8 23. Rfe1 Kf7 24. R4e3 Qxg2+ 25. Kxg2 Rd8 26. Kf3 Rd4 27. Ke2 h6
28. h4 h5 29. Kf3 a5 30. Kf2 Re8 31. Kf3 Re7 1/2-1/2

[Event "Taça Nacional das Associações 2017"]
[Site "Almeirim POR"]
[Date "2017.10.15"]
[Round "3.2.3"]
[White "Carneiro, Carlos"]
[Black "Carvalho, Vítor"]
[Result "1-0"]
[WhiteElo "2152"]
[BlackElo "1904"]
[WhiteFideId "1900170"]
[BlackFideId "1908766"]
[WhiteTeam "AX Portugal/Atlantiadonal"]
[BlackTeam "AEJ S. Joao da Madeira"]
[WhiteTitle "NM"]
[PlyCount "69"]

1. d4 Nf6 2. c4 e6 3. Nf3 d5 4. Nc3 Be7 5. Bf4 O-O 6. e3 a6 7. cxd5 exd5 8. Qc2
Re8 9. Bd3 Nbd7 10. O-O Nf8 11. Rab1 Nh5 12. Be5 f6 13. Bg3 c6 14. b4 Nxg3 15.
hxg3 Bg4 16. a4 Bh5 17. b5 axb5 18. axb5 Bg6 19. Bxg6 Nxg6 20. bxc6 bxc6 21. Na4
Qa5 22. Nb6 Ra6 23. Qxc6 Rd8 24. Qb5 Qxb5 25. Rxb5 Rd6 26. Nxd5 Ra2 27. Rc1 Rda6
28. Nh4 Bf8 29. Nxg6 hxg6 30. Rb8 Rd2 31. Rcc8 Ra1+ 32. Kh2 g5 33. Rxf8+ Kh7 34.
Ne7 g6 35. Rf7+ 1-0

[Event "Taça Nacional das Associações 2017"]
[Site "Almeirim POR"]
[Date "2017.10.15"]
[Round "3.2.4"]
[White "Sá, Cláudio"]
[Black "Pereira, Fernando Melão"]
[Result "0-1"]
[WhiteElo "1789"]
[BlackElo "2026"]
[WhiteFideId "1902903"]
[BlackFideId "1900153"]
[WhiteTeam "AEJ S. Joao da Madeira"]
[BlackTeam "AX Portugal/Atlantiadonal"]
[BlackTitle "NM"]
[PlyCount "92"]

1. e4 c5 2. Nc3 Nc6 3. f4 g6 4. Nf3 Bg7 5. Bb5 Nd4 6. O-O Nxb5 7. Nxb5 d5 8. d3
a6 9. Nc3 Nf6 10. Qe1 Bg4 11. e5 Ng8 12. Qg3 Bxf3 13. Rxf3 e6 14. f5 exf5 15.
Rxf5 Ne7 16. Rf2 Qc7 17. Rxf7 Bxe5 18. Bf4 Bxf4 19. Qxf4 Qxf4 20. Rxf4 Rf8 21.
Raf1 Rxf4 22. Rxf4 Rc8 23. Kf2 b5 24. Rf6 c4 25. Rxa6 cxd3 26. cxd3 b4 27. Ne2
Rc2 28. b3 Nf5 29. Ke1 Kd7 30. Ra7+ Kd6 31. g4 Ne3 32. Ra6+ Ke5 33. h3 Ng2+ 34.
Kf1 Ne3+ 35. Kf2 Nd1+ 36. Kf3 d4 37. Ra5+ Kf6 38. Nxd4 Rf2+ 39. Kg3 Rd2 40. Ra6+
Kf7 41. Kf4 Nf2 42. Nf3 Nxh3+ 43. Ke4 Rg2 44. Ne5+ Kg7 45. Ra7+ Kf6 46. Rxh7
Ng5+ 0-1

[Event "Taça Nacional das Associações 2017"]
[Site "Almeirim POR"]
[Date "2017.10.15"]
[Round "3.3.1"]
[White "Carreira, Marcelo"]
[Black "Martins, Bruno"]
[Result "0-1"]
[WhiteElo "1622"]
[BlackElo "2162"]
[WhiteFideId "1941321"]
[BlackFideId "1942255"]
[WhiteTeam "CCD Corvos do Lis"]
[BlackTeam "Ateneu Popular Montijo"]
[PlyCount "70"]

1. e4 c5 2. Nf3 Nc6 3. d4 cxd4 4. Nxd4 g6 5. Nc3 Bg7 6. Be3 Nf6 7. f3 O-O 8. Qd2
d5 9. O-O-O dxe4 10. Nxe4 Nxe4 11. fxe4 Ne5 12. Be2 Bg4 13. Nf3 Qc7 14. Nxe5
Bxe2 15. Qxe2 Qxe5 16. Bd4 Qe6 17. Kb1 Rac8 18. Bxg7 Kxg7 19. Rd2 Rc4 20. Re1
Rfc8 21. Qe3 b5 22. b3 R4c5 23. Ree2 R8c7 24. Qf3 a5 25. Rd5 Rc3 26. Qf2 Qc6 27.
Kb2 a4 28. Rdd2 e5 29. a3 b4 30. axb4 axb3 31. cxb3 Qb5 32. Rd6 h5 33. Re3 Qxb4
34. Rxc3 Qxc3+ 35. Ka3 Ra7+ 0-1

[Event "Taça Nacional das Associações 2017"]
[Site "Almeirim POR"]
[Date "2017.10.15"]
[Round "3.3.2"]
[White "Machado, Tomás"]
[Black "Simões, Miguel"]
[Result "0-1"]
[WhiteElo "1822"]
[BlackElo "1661"]
[WhiteFideId "1946838"]
[BlackFideId "1946307"]
[WhiteTeam "Ateneu Popular Montijo"]
[BlackTeam "CCD Corvos do Lis"]
[PlyCount "56"]

1. e4 e5 2. Nf3 Nc6 3. d4 exd4 4. Nxd4 Bc5 5. Nb3 Bb6 6. Nc3 d6 7. Be2 Be6 8.
O-O Nf6 9. Bg5 Qd7 10. Bb5 O-O 11. Bxf6 gxf6 12. Nd5 Qd8 13. Nxb6 axb6 14. f4
Kh8 15. c4 Rg8 16. f5 Bd7 17. Bxc6 Bxc6 18. Rf4 Qe7 19. Qd2 Ra4 20. Qc2 b5 21.
Nd2 Qe5 22. Rh4 Qd4+ 23. Kh1 Qf2 24. g3 Rxc4 25. Qd1 Rd4 26. Qb3 Rxd2 27. Rg1 d5
28. Rf4 Qxh2# 0-1

[Event "Taça Nacional das Associações 2017"]
[Site "Almeirim POR"]
[Date "2017.10.15"]
[Round "3.3.3"]
[White "Sousa, Ana João"]
[Black "Palhais, Custódio"]
[Result "0-1"]
[WhiteElo "1179"]
[BlackElo "1762"]
[WhiteFideId "1948962"]
[BlackFideId "1940880"]
[WhiteTeam "CCD Corvos do Lis"]
[BlackTeam "Ateneu Popular Montijo"]
[PlyCount "110"]

1. e4 e5 2. Nf3 Nc6 3. Bb5 a6 4. Ba4 Be7 5. O-O Nf6 6. Re1 b5 7. Bb3 O-O 8. c3
d6 9. d4 exd4 10. Nxd4 Na5 11. Bd5 Nxd5 12. exd5 Bf6 13. Be3 Nc4 14. b3 Ne5 15.
h3 Bb7 16. Ne2 Qd7 17. Nf4 g6 18. Nd2 Bh8 19. Ne4 Rae8 20. Bd4 Qf5 21. g3 Bc8
22. h4 h6 23. Bxe5 Rxe5 24. Qd3 Rfe8 25. f3 Bd7 26. Re3 g5 27. hxg5 hxg5 28. Nh5
Kf8 29. g4 Qg6 30. Rae1 f5 31. Nf2 Rxe3 32. Rxe3 Rxe3 33. Qxe3 Be5 34. Nh3 f4
35. Qa7 Qb1+ 36. Kg2 Qc2+ 37. Nf2 Qxc3 38. Qb8+ Be8 39. Qd8 c6 40. Qxg5 cxd5 41.
Qf5+ Ke7 42. Nxf4 Bxf4 43. Qxf4 Qe5 44. Qh6 Bc6 45. Qh7+ Ke6 46. Qg8+ Kd7 47.
Qf7+ Kc8 48. g5 Qxg5+ 49. Ng4 d4 50. Qf8+ Kb7 51. Kg3 Qd5 52. Qe7+ Kb6 53. Qf8
d3 54. Qb8+ Ka5 55. Qc7+ Kb4 0-1

[Event "Taça Nacional das Associações 2017"]
[Site "Almeirim POR"]
[Date "2017.10.15"]
[Round "3.3.4"]
[White "Rocha, Daniel"]
[Black "Almeida, Pedro Bastos"]
[Result "1-0"]
[WhiteElo "1312"]
[BlackElo "1309"]
[WhiteFideId "1950819"]
[BlackFideId "1952439"]
[WhiteTeam "Ateneu Popular Montijo"]
[BlackTeam "CCD Corvos do Lis"]
[PlyCount "139"]

1. e4 d5 2. exd5 Qxd5 3. Nc3 Qd8 4. Nf3 Bg4 5. d4 e6 6. Be2 Nf6 7. O-O Be7 8.
Be3 O-O 9. h3 Bh5 10. Ne5 Bxe2 11. Qxe2 Nbd7 12. Rad1 c6 13. f4 Nd5 14. Nxd5
cxd5 15. Qg4 f5 16. Qe2 Nf6 17. Bd2 Ne4 18. Be1 Bh4 19. Qf3 Bxe1 20. Rfxe1 Rc8
21. c3 a5 22. Qd3 Qh4 23. Rf1 Qd8 24. Qb5 Nd6 25. Qd3 Nc4 26. Nxc4 Rxc4 27. b3
Rc6 28. c4 Qd7 29. Rfe1 Qc7 30. Qe3 Qd7 31. Rc1 Rd8 32. c5 Re8 33. a3 b6 34. b4
bxc5 35. bxc5 Qb7 36. Rb1 Qa6 37. Qb3 Re7 38. Qb5 Qxb5 39. Rxb5 Ra6 40. Reb1 h6
41. Kf2 g5 42. g3 Raa7 43. Rb6 Kf7 44. c6 Rac7 45. R1b5 gxf4 46. gxf4 Kf6 47.
Rxa5 Rc8 48. Rc5 Rec7 49. a4 Ke7 50. Rb7 Kd6 51. Rxc7 Rxc7 52. Kg3 Rxc6 53.
Rxc6+ Kxc6 54. Kh4 Kb6 55. Kh5 Ka5 56. Kxh6 Kxa4 57. Kg5 Kb4 58. h4 Kc4 59. h5
Kxd4 60. h6 Ke4 61. h7 d4 62. h8=Q d3 63. Qe5+ Kf3 64. Qe1 d2 65. Qxd2 Kg3 66.
Qe3+ Kg2 67. Kh4 e5 68. fxe5 f4 69. Qxf4 Kh1 70. Qd2 1-0